| 000 | 01283nam a22003737a 4500 | ||
|---|---|---|---|
| 003 | CHAP | ||
| 005 | 20220329141426.0 | ||
| 008 | 971013s1986 r 00010 d | ||
| 010 | _a67930 | ||
| 011 | _a68902 | ||
| 035 | _a78376 | ||
| 040 | _cCHAP | ||
| 090 | _aTesis | ||
| 100 | 0 | 0 |
_aGarzón Ceballos, Carlos Eduardo. _947185 |
| 245 | _aEstudios para la adaptación de especies forestales en el área del Ex-lago de Texcoco | ||
| 260 |
_aChapingo, Méx. : _bEl autor, _c1986 |
||
| 300 |
_a178 h. _b: ilus. ; gráfs. |
||
| 500 | _a26-61 | ||
| 502 | _aTesis (Ing. Agrónomo Esp. en Bosques) -- UACH. División de Ciencias Forestales | ||
| 590 |
_aALEPH _b10 _c20130110 _lUCH01 _h1404 |
||
| 590 |
_aBATCH-UPD _b10 _c20130110 _lUCH01 _h0713 |
||
| 590 |
_aBATCH-UPD _b10 _c20130410 _lUCH01 _h0358 |
||
| 590 |
_aBATCH-UPD _b10 _c20130913 _lUCH01 _h1928 |
||
| 590 |
_aCONVERSION _b10 _c20130109 _lUCH01 _h1337 |
||
| 650 | 1 | 4 |
_aAdaptación vegetal. _9880 |
| 650 | 1 | 4 |
_aForestación _xMéxico (Edo.) _942348 |
| 650 | 1 | 4 |
_aLago de Texcoco. _964410 |
| 650 | 1 | 4 |
_aPlantación de árboles. _988782 |
| 650 | 1 | 4 |
_aTierras _xRecuperación de. _9113120 |
| 901 | _aBK | ||
| 942 | _cFOLL | ||
| 949 |
_bBC _cTES _d-31250 _eTS1 _h18702 _i78376 _si |
||
| 949 |
_bBC _cTES _d-96858 _eTS2 _fc.2 _h18703 _i78376 _si |
||
| 999 |
_c67930 _d67930 |
||